Disney Princesses Quiz - Statistics

General Stats
  • This quiz has been taken 330 times
  • The average score is 12 of 14
Answer Stats
Question Answer % Correct
Princess that is a Mermaid Ariel
98%
Princess that possesses magical Ice Powers Elsa
95%
Princess that lived with seven Dwarfs Snow White
95%
Princess that married a Beast Belle
94%
Princess that lost her Glass Slipper Cinderella
94%
Princess that pretended to be a man in order to serve in the Chinese Military Mulan
94%
Princess that kissed a frog Tiana
93%
Princess that has very long, blonde hair Rapunzel
91%
Princess that pricked her finger on aspinning wheel Aurora
90%
Princess that is inspired by Indigenous American Cultures Pocahontas / Matoaka
88%
Princess that turned her mother into a bear Merida
86%
Princess that is inspired by Polynesian Cultures Moana
81%
Princess that is inspired by Middle Eastern Cultures Jasmine
76%
Princess that seeks a Dragon to save her Father Raya
67%
No matching quizzes found
Score Distribution
Percent of People with Each Score
Percentile by Number Answered
Your Score History
You have not taken this quiz